Nghiên cứu chế tạo bê tông cường độ cao cho các công trình thủy ở Đồng bằng sông Cửu Long : Luận văn tốt nghiệp Cao học. Chuyên ngành Kỹ thuật xây dựng công trình thủy

Nghiên cứu sản xuất bê tông cường độ cao đạt các tiêu chí về cường độ nén, tính công tác, độ co ngót, khả năng chống thấm nước và độ ăn mòn sunfat của bê tông từ các nguồn vật liệu và các phế phẩm nhà máy công nghiệp ở địa phươ...

全面介绍

Đã lưu trong:
书目详细资料
主要作者: Kiều, Phước Ngọc
格式: 图书
语言:Undetermined
出版: Cần Thơ Trường Đại học Cần Thơ 2019
主题:
标签: 添加标签
没有标签, 成为第一个标记此记录!
Thư viện lưu trữ: Trung tâm Học liệu Trường Đại học Cần Thơ
LEADER 01297nam a2200217Ia 4500
001 CTU_229939
008 210402s9999 xx 000 0 und d
082 |a 624.1834 
082 |b Ng419 
088 |a 8580202 
100 |a Kiều, Phước Ngọc 
245 0 |a Nghiên cứu chế tạo bê tông cường độ cao cho các công trình thủy ở Đồng bằng sông Cửu Long : 
245 0 |b Luận văn tốt nghiệp Cao học. Chuyên ngành Kỹ thuật xây dựng công trình thủy 
245 0 |c Kiều Phước Ngọc ; Bùi Lê Anh Tuấn (Cán bộ hướng dẫn) 
260 |a Cần Thơ 
260 |b Trường Đại học Cần Thơ 
260 |c 2019 
520 |a Nghiên cứu sản xuất bê tông cường độ cao đạt các tiêu chí về cường độ nén, tính công tác, độ co ngót, khả năng chống thấm nước và độ ăn mòn sunfat của bê tông từ các nguồn vật liệu và các phế phẩm nhà máy công nghiệp ở địa phương. 
650 |a Construction materials,Vật liệu xây dựng 
910 |b nthai 
980 |a Trung tâm Học liệu Trường Đại học Cần Thơ